[Event "BPB Limburg open B"]
[Site "Maastricht"]
[Date "2015.05.25"]
[Round "6"]
[White "Meul, Willi"]
[Black "Van Loy, Rick"]
[Result "0-1"]
[WhiteElo "1831"]
[BlackElo "1966"]
[PlyCount "58"]
[EventDate "2015.05.22"]
[EventType "swiss"]
[EventRounds "7"]
[EventCountry "NED"]
[Source "P.Boonen"]
[SourceDate "2015.10.01"]

1. d4 Nf6 2. Nf3 g6 3. c4 Bg7 4. Nc3 d6 5. e4 O-O 6. Be2 e5 7. d5 Nbd7 8. Bg5
h6 9. Bh4 g5 10. Bg3 Nc5 11. Nd2 a5 12. f3 Nh5 13. Bf2 Nf4 14. Bxc5 Nxg2+ 15.
Kf2 Nf4 16. Be3 g4 17. Bxf4 exf4 18. Nf1 Qh4+ 19. Kg1 gxf3 20. Bxf3 Bh3 21. Ne2
Bxb2 22. Rb1 Ba3 23. Nfg3 Bc5+ 24. Nd4 fxg3 25. Rb2 Qf6 26. Rd2 Qf4 27. hxg3
Qxg3+ 28. Bg2 Bxd4+ 29. Rxd4 Qxg2# 0-1

[Event "BPB Limburg open B"]
[Site "Maastricht"]
[Date "2015.05.25"]
[Round "6"]
[White "Mitran, Anthony Cristian"]
[Black "Wedda, Dries"]
[Result "1-0"]
[WhiteElo "1870"]
[BlackElo "1674"]
[PlyCount "75"]
[EventDate "2015.05.22"]
[EventType "swiss"]
[EventRounds "7"]
[EventCountry "NED"]
[Source "P.Boonen"]
[SourceDate "2015.10.01"]

1. d4 Nf6 2. c4 e6 3. Nf3 b6 4. e3 Bb4+ 5. Bd2 Be7 6. Nc3 d5 7. Bd3 Bb7 8. O-O
O-O 9. Ne5 Ne4 10. f3 Nxd2 11. Qxd2 f6 12. Ng4 f5 13. Ne5 c5 14. Rad1 cxd4 15.
exd4 Bb4 16. a3 Bxc3 17. Qxc3 Nd7 18. Nxd7 Qxd7 19. b4 dxc4 20. Bxc4 b5 21. Bb3
Rac8 22. Qe3 Bd5 23. Rfe1 Bxb3 24. Qxb3 Rc4 25. Qe3 Kf7 26. Rd3 Qd5 27. Re2 Rd8
28. Red2 a6 29. Qf4 g6 30. Qh6 Kg8 31. Kf2 e5 32. dxe5 Qxd3 33. Rxd3 Rxd3 34.
Qg5 f4 35. Qf6 Rc2+ 36. Ke1 Rcd2 37. Qxf4 Rxg2 38. e6 1-0

[Event "BPB Limburg open B"]
[Site "Maastricht"]
[Date "2015.05.25"]
[Round "6"]
[White "Orbons, Richard"]
[Black "Veelenturf, Wim"]
[Result "1/2-1/2"]
[WhiteElo "1578"]
[BlackElo "1712"]
[PlyCount "60"]
[EventDate "2015.05.22"]
[EventType "swiss"]
[EventRounds "7"]
[EventCountry "NED"]
[Source "P.Boonen"]
[SourceDate "2015.10.01"]

1. Nf3 d5 2. c4 c6 3. g3 Nf6 4. Bg2 g6 5. b3 Bg7 6. Bb2 O-O 7. O-O Re8 8. d3
Nbd7 9. Nc3 Nb6 10. e3 Bg4 11. h3 Bxf3 12. Qxf3 e6 13. a4 Nfd7 14. a5 Nc8 15.
d4 a6 16. Rfc1 Nd6 17. Ba3 Bf8 18. Qe2 f5 19. f3 Qg5 20. Kh2 Qf6 21. Qd3 Rad8
22. Bxd6 Bxd6 23. Rf1 Bc7 24. b4 Qe7 25. Rac1 Qd6 26. f4 Nf6 27. Rc2 Kg7 28. c5
Qe7 29. Qe2 Rf8 30. Rh1 h6 1/2-1/2

[Event "BPB Limburg open B"]
[Site "Maastricht"]
[Date "2015.05.25"]
[Round "6"]
[White "Peeters, Joep"]
[Black "Nguyen, Sang"]
[Result "0-1"]
[WhiteElo "1782"]
[BlackElo "1803"]
[PlyCount "78"]
[EventDate "2015.05.22"]
[EventType "swiss"]
[EventRounds "7"]
[EventCountry "NED"]
[Source "P.Boonen"]
[SourceDate "2015.10.01"]

1. Nf3 Nf6 2. d4 d5 3. g3 e6 4. Bg2 Bd6 5. c4 c6 6. b3 O-O 7. O-O Nbd7 8. c5
Bc7 9. Bb2 Re8 10. Ne5 Nxe5 11. dxe5 Nd7 12. f4 Nxc5 13. Qc2 Nd7 14. Nd2 Qe7
15. Rac1 f6 16. Nf3 fxe5 17. fxe5 c5 18. e3 b6 19. Rf2 Bb7 20. Bf1 Rf8 21. Bd3
g5 22. Rcf1 g4 23. Nh4 Rxf2 24. Rxf2 Bxe5 25. Qe2 Bxb2 26. Qxg4+ Bg7 27. Bxh7+
Kxh7 28. Qh5+ Kg8 29. Ng6 Qd6 30. Rf4 Ne5 31. Rh4 Nxg6 32. Qxg6 Qe5 33. Qh7+
Kf7 34. Rf4+ Ke7 35. Qh4+ Kd6 36. Rf7 Qxe3+ 37. Kf1 Ba6+ 38. Kg2 Qe2+ 39. Kg1
Bd4+ 0-1

[Event "BPB Limburg open B"]
[Site "Maastricht"]
[Date "2015.05.25"]
[Round "6"]
[White "Reichardt, Monica"]
[Black "Moog, Gerhard"]
[Result "0-1"]
[WhiteElo "1860"]
[BlackElo "1869"]
[PlyCount "42"]
[EventDate "2015.05.22"]
[EventType "swiss"]
[EventRounds "7"]
[EventCountry "NED"]
[Source "P.Boonen"]
[SourceDate "2015.10.01"]

1. e4 e5 2. Nc3 Nf6 3. Bc4 d6 4. d3 Be7 5. f4 O-O 6. Nf3 Bg4 7. O-O Nc6 8. Ne2
exf4 9. Bxf4 Bxf3 10. Rxf3 Ne5 11. Bxe5 dxe5 12. c3 c6 13. Ng3 Qb6+ 14. d4 exd4
15. cxd4 Rad8 16. Rd3 Rd7 17. e5 Nd5 18. Bb3 Rfd8 19. Qf3 f6 20. Qf2 fxe5 21.
dxe5 Bc5 0-1

[Event "BPB Limburg open B"]
[Site "Maastricht"]
[Date "2015.05.25"]
[Round "6"]
[White "Reichardt, Robin"]
[Black "Bojanowski, Roman"]
[Result "1/2-1/2"]
[WhiteElo "1707"]
[BlackElo "1919"]
[PlyCount "87"]
[EventDate "2015.05.22"]
[EventType "swiss"]
[EventRounds "7"]
[EventCountry "NED"]
[Source "P.Boonen"]
[SourceDate "2015.10.01"]

1. d4 Nf6 2. Nf3 d5 3. c4 e6 4. Nc3 c6 5. Bf4 Be7 6. e3 Nbd7 7. Be2 O-O 8. h3
b6 9. O-O Bb7 10. Rc1 c5 11. dxc5 Nxc5 12. Ne5 Nfe4 13. Nxe4 dxe4 14. b4 Na6
15. a3 f6 16. Ng4 e5 17. Bg3 Qc7 18. Qb3 Kh8 19. f4 exf3 20. Bxf3 Bxf3 21. gxf3
Rac8 22. e4 Rfd8 23. Rfd1 Rxd1+ 24. Qxd1 Rd8 25. Qa4 Nb8 26. Ne3 Bf8 27. Nd5
Qb7 28. Bf2 h6 29. c5 bxc5 30. Bxc5 Rc8 31. Rc3 Bxc5+ 32. Rxc5 Rxc5 33. bxc5
Nc6 34. Nb4 Nd4 35. Kg2 Qc7 36. c6 a5 37. Nd5 Qxc6 38. Qxc6 Nxc6 39. Kf2 Kh7
40. Ke3 Nd4 41. a4 Ne6 42. Ne7 Nc5 43. Nc6 Nxa4 44. Nxa5 {.....} 1/2-1/2

[Event "BPB Limburg open B"]
[Site "Maastricht"]
[Date "2015.05.25"]
[Round "6"]
[White "Rietveld, Leo"]
[Black "Mossin, Ivar Alexander"]
[Result "1/2-1/2"]
[WhiteElo "1998"]
[BlackElo "1757"]
[PlyCount "102"]
[EventDate "2015.05.22"]
[EventType "swiss"]
[EventRounds "7"]
[EventCountry "NED"]
[Source "P.Boonen"]
[SourceDate "2015.10.01"]

1. e4 e6 2. d4 d5 3. Nc3 Bb4 4. e5 c5 5. a3 Bxc3+ 6. bxc3 Ne7 7. Qg4 Qc7 8. Bd3
cxd4 9. Ne2 dxc3 10. Qxg7 Rg8 11. Qxh7 Qxe5 12. h4 Bd7 13. Bf4 Qh8 14. Qxh8
Rxh8 15. Be5 Rh6 16. Bg7 Ng8 17. Bxh6 Nxh6 18. Nxc3 Nc6 19. O-O-O f5 20. Nb5
Ke7 21. Rhe1 Kf6 22. f4 Rg8 23. Bf1 Rg4 24. g3 Rxg3 25. c4 a6 26. cxd5 axb5 27.
dxc6 Bxc6 28. Rd6 Bd5 29. Re5 Rg1 30. Rexd5 Rxf1+ 31. Kb2 Nf7 32. Rb6 Rxf4 33.
Rdxb5 Rxh4 34. Rb4 Rh2+ 35. Kc3 Rh3+ 36. Kb2 Rh2+ 37. Kc1 Nd8 38. a4 Rh1+ 39.
Kb2 Rd1 40. Kc3 Rd7 41. Rd4 Rc7+ 42. Rc4 Rd7 43. a5 Kg5 44. Rb1 f4 45. Rg1+ Kf5
46. Rg8 e5 47. Rc8 Nc6 48. a6 bxa6 49. Rxc6 Ke4 50. Re6 Rd3+ 51. Kc2 Re3
1/2-1/2

[Event "BPB Limburg open B"]
[Site "Maastricht"]
[Date "2015.05.25"]
[Round "6"]
[White "Roufs, Gerard"]
[Black "Van Randtwijk, Mick"]
[Result "1/2-1/2"]
[WhiteElo "1986"]
[BlackElo "1852"]
[PlyCount "54"]
[EventDate "2015.05.22"]
[EventType "swiss"]
[EventRounds "7"]
[EventCountry "NED"]
[Source "P.Boonen"]
[SourceDate "2015.10.01"]

1. d4 Nf6 2. c4 e6 3. Nc3 Bb4 4. e3 O-O 5. Nge2 d5 6. a3 Bxc3+ 7. Nxc3 b6 8.
Bd3 Bb7 9. O-O c5 10. Re1 Nc6 11. cxd5 exd5 12. Rb1 Re8 13. dxc5 bxc5 14. b4
cxb4 15. axb4 d4 16. Ne2 dxe3 17. Bxe3 Ng4 18. Bf4 Qb6 19. Bg3 Rad8 20. Nf4
Nce5 21. h3 Nf6 22. Qa4 Nxd3 23. Rxe8+ Rxe8 24. Nxd3 Bc6 25. Qa5 Be4 26. Qxb6
axb6 27. Rb3 h5 1/2-1/2

[Event "BPB Limburg open B"]
[Site "Maastricht"]
[Date "2015.05.25"]
[Round "6"]
[White "Rutten, David"]
[Black "Daamen, Roland"]
[Result "1/2-1/2"]
[WhiteElo "1826"]
[BlackElo "2028"]
[PlyCount "96"]
[EventDate "2015.05.22"]
[EventType "swiss"]
[EventRounds "7"]
[EventCountry "NED"]
[Source "P.Boonen"]
[SourceDate "2015.10.01"]

1. d4 Nf6 2. c4 g6 3. Nc3 d5 4. Nf3 Bg7 5. Qb3 dxc4 6. Qxc4 O-O 7. e4 Na6 8.
Be2 c5 9. d5 e6 10. O-O exd5 11. exd5 Bf5 12. Be3 Qb6 13. b3 Rfe8 14. Rad1 Rxe3
15. fxe3 Ng4 16. Na4 Qa5 17. Qc1 Bh6 18. Qc3 Qxc3 19. Nxc3 Bxe3+ 20. Kh1 Nf2+
21. Rxf2 Bxf2 22. d6 Nb4 23. Bc4 Kf8 24. Ng5 Bd4 25. Nb5 f6 26. Nc7 Rc8 27.
Nge6+ Bxe6 28. Nxe6+ Ke8 29. Nxd4 cxd4 30. Rxd4 Kd7 31. Kg1 Nc6 32. Rd2 a6 33.
a4 Re8 34. Kf2 Re4 35. Bd5 Rb4 36. Bc4 Ne5 37. Bg8 h5 38. h3 Rb6 39. Ke3 Rxd6
40. Rxd6+ Kxd6 41. Kd4 a5 42. h4 b6 43. Bd5 Nd3 44. g3 Ne5 45. Bg8 Kc6 46. Bd5+
Kc7 47. Be6 Kd6 48. Bd5 g5 1/2-1/2

[Event "BPB Limburg open B"]
[Site "Maastricht"]
[Date "2015.05.25"]
[Round "6"]
[White "Saizew, Valeri"]
[Black "Wuijts, Johan"]
[Result "1/2-1/2"]
[WhiteElo "1957"]
[BlackElo "1782"]
[PlyCount "109"]
[EventDate "2015.05.22"]
[EventType "swiss"]
[EventRounds "7"]
[EventCountry "NED"]
[Source "P.Boonen"]
[SourceDate "2015.10.01"]

1. e4 e6 2. d4 d5 3. Nd2 Nf6 4. Bd3 c5 5. exd5 exd5 6. dxc5 Bxc5 7. Ngf3 Bg4 8.
Nb3 Be7 9. h3 Bh5 10. O-O O-O 11. Nbd4 Ne4 12. Re1 Bf6 13. Bxe4 dxe4 14. Rxe4
Nc6 15. c3 Bxd4 16. cxd4 Qd5 17. Re1 Bxf3 18. Qxf3 Qxf3 19. gxf3 Nxd4 20. Re7
Rfe8 21. Rxe8+ Rxe8 22. Be3 Nxf3+ 23. Kg2 Ne5 24. Bxa7 Nc6 25. Be3 Rd8 26. a3
h6 27. b4 Ra8 28. b5 Nb4 29. Bc5 Nd3 30. Bb6 Ra4 31. Bc7 Kf8 32. Rd1 Rd4 33.
Kf1 Rd7 34. b6 Ke8 35. a4 Nc5 36. Re1+ Re7 37. Ra1 Re6 38. a5 Kd7 39. Rc1 Na6
40. Bf4 g5 41. Bg3 f5 42. f3 Re3 43. Kg2 f4 44. Bf2 Ra3 45. Rd1+ Kc6 46. Rd8
Rxa5 47. Rh8 Rd5 48. Rxh6+ Kb5 49. Rh5 Nb4 50. h4 gxh4 51. Rxh4 Rd2 52. Kf1 Nd3
53. Bg1 Rc2 54. Rh7 Ka6 55. Bd4 1/2-1/2

[Event "BPB Limburg open B"]
[Site "Maastricht"]
[Date "2015.05.25"]
[Round "6"]
[White "Schubert, Karl"]
[Black "Zatyko, Ferry"]
[Result "0-1"]
[WhiteElo "1952"]
[BlackElo "1777"]
[PlyCount "77"]
[EventDate "2015.05.22"]
[EventType "swiss"]
[EventRounds "7"]
[EventCountry "NED"]
[Source "P.Boonen"]
[SourceDate "2015.10.01"]

1. d4 Nf6 2. Nf3 d5 3. g3 Bf5 4. Bg2 e6 5. O-O Be4 6. b3 Nbd7 7. Bb2 c5 8. Nbd2
Be7 9. c4 O-O 10. a3 Rb8 11. dxc5 Bxf3 12. Bxf3 dxc4 13. b4 b5 14. Qc2 Qc7 15.
Qc3 Rfd8 16. Ne4 Ne8 17. Rfd1 Ndf6 18. a4 a6 19. axb5 axb5 20. Rxd8 Qxd8 21.
Ra7 Nxe4 22. Bxe4 Qd1+ 23. Kg2 Bf6 24. Qc1 Qxe2 25. Qf4 Rd8 26. Bxf6 Nxf6 27.
Bf3 Qd3 28. c6 h6 29. c7 Rc8 30. Ra8 Rxa8 31. Bxa8 Qd7 32. Bb7 Nd5 33. Qd2 Qxc7
34. Bxd5 exd5 35. Qxd5 c3 36. Qa8+ Kh7 37. Qe4+ g6 38. Qc2 Qc4 39. f3 0-1

[Event "BPB Limburg open B"]
[Site "Maastricht"]
[Date "2015.05.25"]
[Round "6"]
[White "Senders, Justin"]
[Black "De Feijter, Bas"]
[Result "1/2-1/2"]
[WhiteElo "1986"]
[BlackElo "2007"]
[PlyCount "40"]
[EventDate "2015.05.22"]
[EventType "swiss"]
[EventRounds "7"]
[EventCountry "NED"]
[Source "P.Boonen"]
[SourceDate "2015.10.01"]

1. e4 c5 2. Nf3 e6 3. d4 cxd4 4. Nxd4 a6 5. c4 Qc7 6. Nc3 Nf6 7. Be2 Bb4 8. Nc2
Bxc3+ 9. bxc3 Nc6 10. f3 O-O 11. O-O Qa5 12. Qd3 d5 13. Qe3 dxc4 14. Bxc4 Rd8
15. Nd4 Nxd4 16. cxd4 Qb4 17. Bb3 Qxd4 18. Rd1 Qxe3+ 19. Bxe3 Rxd1+ 20. Rxd1
Bd7 1/2-1/2

[Event "BPB Limburg open B"]
[Site "Maastricht"]
[Date "2015.05.25"]
[Round "6"]
[White "Smet, Louis"]
[Black "Bekedam, Tyro"]
[Result "0-1"]
[WhiteElo "1750"]
[BlackElo "1879"]
[PlyCount "82"]
[EventDate "2015.05.22"]
[EventType "swiss"]
[EventRounds "7"]
[EventCountry "NED"]
[Source "P.Boonen"]
[SourceDate "2015.10.01"]

1. e4 c6 2. d4 d5 3. Nc3 dxe4 4. Nxe4 Bf5 5. Ng3 Bg6 6. Nf3 Nd7 7. Bd3 Bxd3 8.
Qxd3 e6 9. Bf4 Qa5+ 10. c3 Ngf6 11. O-O Be7 12. Rfe1 O-O 13. Ng5 Rfd8 14. Nf5
Qxf5 15. Qxf5 exf5 16. Rxe7 Nd5 17. Rxf7 Nxf4 18. Rxf5 Rf8 19. Rxf8+ Rxf8 20.
Re1 Nf6 21. g3 Ng6 22. f3 Re8 23. Ne4 Nxe4 24. fxe4 Kf7 25. Kg2 Ne7 26. Rf1+
Ke6 27. Rf4 Ng8 28. Rg4 g6 29. Rf4 Nf6 30. Kf2 Rf8 31. Ke2 Rf7 32. c4 Nd7 33.
h4 h6 34. Rg4 Nf8 35. b3 c5 36. d5+ Ke5 37. Ke3 Rf6 38. Rf4 Nh7 39. Rf3 Rxf3+
40. Kxf3 Nf6 41. a3 Nxe4 0-1

[Event "BPB Limburg open B"]
[Site "Maastricht"]
[Date "2015.05.25"]
[Round "6"]
[White "Sofic, Narcis"]
[Black "Van den Bos, Frans Pieter"]
[Result "1-0"]
[WhiteElo "1941"]
[BlackElo "1959"]
[PlyCount "81"]
[EventDate "2015.05.22"]
[EventType "swiss"]
[EventRounds "7"]
[EventCountry "NED"]
[Source "P.Boonen"]
[SourceDate "2015.10.01"]

1. g3 d5 2. d4 e6 3. Bg2 f5 4. Nh3 Nf6 5. c3 c6 6. Bf4 Bd6 7. Bxd6 Qxd6 8. Nd2
e5 9. dxe5 Qxe5 10. e3 O-O 11. O-O Nbd7 12. Rc1 Ne4 13. Nf3 Qe7 14. c4 Ndf6 15.
cxd5 Nxd5 16. Nf4 Ndf6 17. Qb3+ Kh8 18. Rcd1 g5 19. Nd3 Be6 20. Qc2 Nd5 21. Nd4
Bd7 22. b4 Rae8 23. Qb2 Qg7 24. Nc5 Bc8 25. Nxe4 fxe4 26. Rd2 Bg4 27. Rc1 a6
28. a4 Bf3 29. b5 Bxg2 30. Kxg2 axb5 31. axb5 cxb5 32. Rc5 Rxf2+ 33. Rxf2 Nxe3+
34. Kg1 Nd1 35. Qb4 Nxf2 36. Kxf2 e3+ 37. Ke2 Qg6 38. Nf3 g4 39. Qd4+ Kg8 40.
Nh4 Qe6 41. Rg5+ 1-0

[Event "BPB Limburg open B"]
[Site "Maastricht"]
[Date "2015.05.25"]
[Round "6"]
[White "Stuch, Hans Ferdinand"]
[Black "Westerweele, Henrik"]
[Result "0-1"]
[WhiteElo "1767"]
[BlackElo "1906"]
[PlyCount "118"]
[EventDate "2015.05.22"]
[EventType "swiss"]
[EventRounds "7"]
[EventCountry "NED"]
[Source "P.Boonen"]
[SourceDate "2015.10.01"]

1. Nf3 Nf6 2. d4 e6 3. e3 d5 4. Bd3 Be7 5. Ne5 Nbd7 6. f4 Ne4 7. Nd2 Ndf6 8.
Qf3 Nxd2 9. Bxd2 c5 10. c3 Bd7 11. O-O g6 12. g4 Qc7 13. g5 Ng8 14. b4 c4 15.
Bc2 Bd6 16. Nxd7 Qxd7 17. e4 Ne7 18. a4 O-O-O 19. a5 Bb8 20. a6 b5 21. Be1 Bc7
22. Bg3 Rhe8 23. Rfe1 Bb6 24. Kg2 Nc6 25. Rad1 Ne7 26. Re2 Qc6 27. Rde1 Bc7 28.
exd5 Nxd5 29. Be4 Qd6 30. Bxd5 Qxd5 31. Qxd5 Rxd5 32. Kf3 Red8 33. Re3 R8d6 34.
f5 Rxf5+ 35. Kg4 Rxa6 36. Bxc7 Kxc7 37. Re5 Rd6 38. Rc5+ Rxc5 39. bxc5 Rd5 40.
Ra1 Kb7 41. Ra5 a6 42. c6+ Kxc6 43. Rxa6+ Kb7 44. Ra2 Rf5 45. Rb2 Kc6 46. h4 e5
47. dxe5 Rxe5 48. Rf2 Re7 49. Rf4 Kc5 50. Kf3 b4 51. cxb4+ Kxb4 52. Rf6 Kb5 53.
Rd6 c3 54. Rd5+ Kb4 55. Rd4+ Kb3 56. Rd3 Kb2 57. Rd6 Rb7 58. Ke2 c2 59. Rd2 Kb1
0-1

[Event "BPB Limburg open B"]
[Site "Maastricht"]
[Date "2015.05.25"]
[Round "6"]
[White "Tangelder, Yonne"]
[Black "Van den Berg, Jaap"]
[Result "1-0"]
[WhiteElo "1887"]
[BlackElo "1858"]
[PlyCount "89"]
[EventDate "2015.05.22"]
[EventType "swiss"]
[EventRounds "7"]
[EventCountry "NED"]
[Source "P.Boonen"]
[SourceDate "2015.10.01"]

1. e4 c5 2. Nc3 d6 3. f4 Nc6 4. Bb5 Bd7 5. Bc4 Nf6 6. Nf3 e6 7. O-O Ng8 8. Kh1
h5 9. d4 cxd4 10. Nxd4 a6 11. f5 Nxd4 12. Qxd4 Qc7 13. fxe6 fxe6 14. Bg5 Ne7
15. Bxe7 Bxe7 16. Qxg7 O-O-O 17. Bxa6 bxa6 18. Qxe7 Rde8 19. Qf6 h4 20. h3 Reg8
21. Rf3 Rf8 22. Qxf8+ Rxf8 23. Rxf8+ Kb7 24. Rh8 Qc5 25. Rxh4 Qf2 26. Rh7 Kc6
27. a3 Be8 28. Rh8 Bd7 29. Ra8 Kb7 30. Rd8 Kc7 31. Ra8 Kb7 32. Rd8 Kc7 33. Rg8
Qf7 34. Rg3 Qf2 35. Rf3 Qxc2 36. Nd5+ Kb8 37. Nf6 Bc6 38. Rc3 Qxb2 39. Rac1 Bb7
40. Ne8 Qd2 41. R3c2 Qd3 42. Rb2 Ka7 43. Rc7 Qf1+ 44. Kh2 Qf4+ 45. g3 1-0

[Event "BPB Limburg open B"]
[Site "Maastricht"]
[Date "2015.05.25"]
[Round "6"]
[White "Valenta, Richard"]
[Black "Porteman, Eric"]
[Result "1-0"]
[WhiteElo "1810"]
[BlackElo "1923"]
[PlyCount "87"]
[EventDate "2015.05.22"]
[EventType "swiss"]
[EventRounds "7"]
[EventCountry "NED"]
[Source "P.Boonen"]
[SourceDate "2015.10.01"]

1. c4 b6 2. Nf3 Bb7 3. g3 e6 4. Bg2 d5 5. O-O Nf6 6. d3 Nbd7 7. cxd5 exd5 8.
Nc3 c5 9. d4 c4 10. Re1 Bb4 11. Bd2 O-O 12. Qc2 Re8 13. Nb5 Bxd2 14. Nxd2 Re6
15. Qf5 a6 16. Nc3 b5 17. Bxd5 g6 18. Qf3 Nxd5 19. Nxd5 Nb6 20. Nf6+ Rxf6 21.
Qxb7 Qxd4 22. Ne4 Rf5 23. Rad1 Qe5 24. Nd6 Rf6 25. Qxb6 Qxb2 26. Nxc4 Qc3 27.
Qb7 Re8 28. Ne3 Qc5 29. Qd5 Qa3 30. Rd3 Qa5 31. Red1 Rfe6 32. R3d2 Qa3 33. Qd4
Re4 34. Qd3 Qe7 35. Nd5 Qe5 36. e3 Rc4 37. Nb6 Re4 38. Nd7 Qe7 39. Qxe4 Qxe4
40. Nf6+ Kg7 41. Nxe4 Rxe4 42. Rd4 Re5 43. a4 Rc5 44. axb5 1-0

[Event "BPB Limburg open B"]
[Site "Maastricht"]
[Date "2015.05.25"]
[Round "6"]
[White "Valstar, Jasper"]
[Black "Jensen, Johnny"]
[Result "1/2-1/2"]
[WhiteElo "1912"]
[BlackElo "1853"]
[PlyCount "82"]
[EventDate "2015.05.22"]
[EventType "swiss"]
[EventRounds "7"]
[EventCountry "NED"]
[Source "P.Boonen"]
[SourceDate "2015.10.01"]

1. e4 e5 2. Nf3 Nc6 3. d4 exd4 4. Nxd4 Bc5 5. Nxc6 Qf6 6. Qf3 Qxc6 7. Nc3 Bb4
8. Bd2 Ne7 9. Bd3 O-O 10. O-O Ng6 11. Qh5 Qc5 12. Qxc5 Bxc5 13. Na4 Be7 14. Be3
d6 15. Nc3 f5 16. f4 Bd7 17. Rad1 Rae8 18. e5 Bc6 19. Bc4+ Kh8 20. Bd5 dxe5 21.
fxe5 Nxe5 22. Bxa7 b6 23. Rde1 Bc5+ 24. Kh1 Bxd5 25. Nxd5 Bd6 26. Nc3 Nc6 27.
Rxe8 Rxe8 28. Nb5 Nxa7 29. Nxa7 Re2 30. Nb5 Rxc2 31. Nxd6 cxd6 32. g4 g6 33.
gxf5 gxf5 34. Rd1 Rxb2 35. Rxd6 f4 36. Rf6 Kg7 37. Rxf4 Rxa2 38. Rb4 Ra6 39.
Kg2 Kf6 40. Kf3 Ke6 41. Rh4 Kf5 1/2-1/2

[Event "BPB Limburg open B"]
[Site "Maastricht"]
[Date "2015.05.25"]
[Round "6"]
[White "Van Dael, Siem"]
[Black "Oostvogels, Niek"]
[Result "1/2-1/2"]
[WhiteElo "1813"]
[BlackElo "1888"]
[PlyCount "85"]
[EventDate "2015.05.22"]
[EventType "swiss"]
[EventRounds "7"]
[EventCountry "NED"]
[Source "P.Boonen"]
[SourceDate "2015.10.01"]

1. e4 d5 2. exd5 Nf6 3. d4 Bg4 4. Nf3 Qxd5 5. Be2 Nc6 6. c4 Qh5 7. h3 O-O-O 8.
O-O Nxd4 9. Nxd4 Bxe2 10. Qxe2 Rxd4 11. Qxh5 Nxh5 12. Na3 e6 13. Be3 Rd3 14. c5
Be7 15. Nc4 Rd5 16. b4 Bg5 17. Bxg5 Rxg5 18. f4 Rd5 19. g4 Rd4 20. Ne5 Nxf4 21.
Nxf7 Re8 22. a3 h6 23. Rf3 Re7 24. Ne5 Re4 25. Nd3 Nxd3 26. Rxd3 Rd7 27. Rad1
Rxd3 28. Rxd3 e5 29. Kf2 Rd4 30. Rxd4 exd4 31. Kf3 Kd7 32. Ke4 Kc6 33. Kxd4 Kb5
34. Kc3 a5 35. Kb3 axb4 36. axb4 b6 37. cxb6 cxb6 38. Kc3 Kc6 39. Kc4 b5+ 40.
Kd4 Kd6 41. h4 g6 42. Ke4 Ke6 43. Kd4 1/2-1/2

[Event "BPB Limburg open B"]
[Site "Maastricht"]
[Date "2015.05.25"]
[Round "6"]
[White "Van Dongen, Eric"]
[Black "Van de Griend, Johan"]
[Result "1-0"]
[WhiteElo "1813"]
[BlackElo "1907"]
[PlyCount "59"]
[EventDate "2015.05.22"]
[EventType "swiss"]
[EventRounds "7"]
[EventCountry "NED"]
[Source "P.Boonen"]
[SourceDate "2015.10.01"]

1. c4 e5 2. Nc3 Nf6 3. g3 d5 4. cxd5 Nxd5 5. Bg2 Nb6 6. Nf3 Nc6 7. d3 Be7 8.
O-O Be6 9. b3 O-O 10. Bb2 f5 11. e4 Bf6 12. exf5 Bxf5 13. Ne4 Bxe4 14. dxe4 Qe8
15. Qc2 a5 16. a3 Rd8 17. Rad1 Qg6 18. Rfe1 Nd4 19. Nxd4 exd4 20. Qxc7 d3 21.
e5 d2 22. Re2 Bg5 23. f4 Rd7 24. Qc3 Rc8 25. Qe3 Be7 26. Rexd2 Bc5 27. Bd4 Rdc7
28. Bxc5 Rxc5 29. e6 Rc3 30. Qxc3 1-0

[Event "BPB Limburg open B"]
[Site "Maastricht"]
[Date "2015.05.25"]
[Round "6"]
[White "Van Ginneken, Jos"]
[Black "Uckerman, John"]
[Result "0-1"]
[WhiteElo "1678"]
[BlackElo "1705"]
[PlyCount "120"]
[EventDate "2015.05.22"]
[EventType "swiss"]
[EventRounds "7"]
[EventCountry "NED"]
[Source "P.Boonen"]
[SourceDate "2015.10.01"]

1. e4 d6 2. f4 Nf6 3. d3 e5 4. Nf3 Bg4 5. Be2 Bxf3 6. Bxf3 Nc6 7. c3 h5 8. b4
a6 9. a4 Qd7 10. f5 d5 11. O-O d4 12. c4 Bxb4 13. Bd2 Qe7 14. Bg5 h4 15. h3 Qd6
16. Nd2 a5 17. Ra2 Bc3 18. Nb3 Nb4 19. Rff2 Nxa2 20. Rxa2 b6 21. Bc1 Rh7 22.
Ba3 Bb4 23. Bc1 Ke7 24. Na1 Nd7 25. Nc2 Nc5 26. Na1 Rah8 27. Bg4 Na6 28. Nb3
Qc6 29. Na1 Nc5 30. Bb2 Na6 31. Bc1 Ke8 32. Nc2 Be7 33. Na3 Qa8 34. Nc2 Qd8 35.
Ne1 Bg5 36. Nf3 Bxc1 37. Qxc1 Nb4 38. Ra3 Qe7 39. Ne1 g6 40. Kh1 gxf5 41. Bxf5
Rg7 42. Rb3 Na2 43. Qc2 Nc3 44. Rb2 Qa3 45. Nf3 f6 46. Nd2 Qxa4 47. Nb3 Qa3 48.
c5 b5 49. c6 a4 50. Qf2 Qd6 51. Na5 Ke7 52. Qe1 a3 53. Rc2 a2 54. Rxc3 dxc3 55.
Qxc3 Rg3 56. Nb7 a1=Q+ 57. Qxa1 Qxd3 58. Qg1 Qd4 59. Qe1 Ra8 60. Na5 Qc3 0-1

[Event "BPB Limburg open B"]
[Site "Maastricht"]
[Date "2015.05.25"]
[Round "6"]
[White "Van den Akker, Guus"]
[Black "Perdomo Araujo, Angel Eduardo"]
[Result "1/2-1/2"]
[WhiteElo "1753"]
[BlackElo "1979"]
[PlyCount "130"]
[EventDate "2015.05.22"]
[EventType "swiss"]
[EventRounds "7"]
[EventCountry "NED"]
[Source "P.Boonen"]
[SourceDate "2015.10.01"]

1. e4 e6 2. d3 d5 3. Qe2 c5 4. Nf3 Nc6 5. g3 Nf6 6. Bg2 Be7 7. O-O O-O 8. e5
Nd7 9. c4 Re8 10. h4 Nf8 11. Nc3 f6 12. Bh3 fxe5 13. Nxe5 Nxe5 14. Qxe5 Bf6 15.
Qe2 Bxc3 16. bxc3 dxc4 17. dxc4 e5 18. Bg2 Qc7 19. f4 Bd7 20. Bd5+ Be6 21. f5
Bxd5 22. cxd5 Nd7 23. c4 Qd6 24. Rb1 b6 25. a4 Rab8 26. g4 a6 27. Be3 b5 28.
axb5 axb5 29. g5 b4 30. Qf2 Ra8 31. f6 Rf8 32. f7+ Kh8 33. h5 Ra3 34. Ra1 Qe7
35. Rxa3 bxa3 36. g6 Ra8 37. Ra1 Ra6 38. Rf1 Rf6 39. Qg2 Qd6 40. Bc1 a2 41.
Qxa2 Rxf1+ 42. Kxf1 hxg6 43. Qa8+ Nf8 44. Qc6 Qe7 45. Qe8 Qd6 46. Bg5 e4 47.
hxg6 e3 48. Qxe3 Qh2 49. Qf4 Qh3+ 50. Kf2 Nxg6 51. f8=Q+ Nxf8 52. Qxf8+ Kh7 53.
Qf4 Qd3 54. d6 Qc2+ 55. Kg3 Kg6 56. Be7 Qd3+ 57. Kf2 Qc2+ 58. Kf3 Qd3+ 59. Qe3
Qf1+ 60. Kg3 Qxc4 61. Qg5+ Kf7 62. Qf4+ Qxf4+ 63. Kxf4 Ke6 64. Ke4 g5 65. Bxg5
Kxd6 1/2-1/2

[Event "BPB Limburg open B"]
[Site "Maastricht"]
[Date "2015.05.25"]
[Round "6"]
[White "Van der Valk, Reiner"]
[Black "Plug, Arjan"]
[Result "0-1"]
[WhiteElo "1759"]
[BlackElo "1876"]
[PlyCount "52"]
[EventDate "2015.05.22"]
[EventType "swiss"]
[EventRounds "7"]
[EventCountry "NED"]
[Source "P.Boonen"]
[SourceDate "2015.10.01"]

1. e4 e6 2. d4 d5 3. Nc3 h6 4. exd5 exd5 5. Bd3 Nf6 6. Bf4 Bd6 7. Nge2 Bg4 8.
f3 Be6 9. Qd2 c6 10. O-O-O Na6 11. a3 Nc7 12. Kb1 b5 13. Bxd6 Qxd6 14. Na2 a5
15. c3 Nd7 16. Nf4 Nb6 17. Nxe6 Nxe6 18. Rhe1 Kd7 19. g4 Rhe8 20. Bf5 Nc4 21.
Qc2 Kc7 22. Re2 Nf4 23. Rxe8 Rxe8 24. Qc1 Re2 25. Bc2 Rxh2 26. b3 Nxa3+ 0-1